[Event "II Liga SSCS 2015 - Istok"]
[Site "VRNJAÈKA BANJA - Hotel "]
[Date "2015.08.30"]
[Round "5.4"]
[White "BLAGOJEVIC, Vladan"]
[Black "GOVEDARICA, Radovan"]
[Result "0-1"]
[WhiteElo "2136"]
[BlackElo "2369"]
[PlyCount "80"]
[EventDate "2015.08.28"]

1. Nf3 c5 2. c4 g6 3. g3 b6 4. Bg2 Bb7 5. Nc3 Bg7 6. O-O Nf6 7. d3 O-O 8. Qc2
Nc6 9. a3 d5 10. cxd5 Nxd5 11. Rb1 Rc8 12. Nxd5 Qxd5 13. b3 Nd4 14. Qd1 e5 15.
Ne1 Qd7 16. e3 Bxg2 17. Kxg2 Nc6 18. Qc2 Rfd8 19. Bb2 h5 20. f4 exf4 21. Bxg7
Kxg7 22. Qc3+ Kg8 23. Rxf4 Qe6 24. Qc4 Rd5 25. Nf3 Na5 26. Qa6 Rc7 27. e4 Rdd7
28. Qb5 Nc6 29. Rf1 Kg7 30. b4 f6 31. Rf2 Rd6 32. Re2 Rcd7 33. Rd2 Nb8 34. Ne1
a6 35. Qa4 Nc6 36. Rb2 Ne5 37. Rb3 Nxd3 38. Rxd3 Rxd3 39. Nxd3 Rxd3 40. Qxa6
Qd6 0-1

[Event "II Liga SSCS 2015 - Istok"]
[Site "VRNJAÈKA BANJA - Hotel "]
[Date "2015.08.30"]
[Round "5.4"]
[White "DJOKIC, Nebojsa"]
[Black "RADOVIC, Luka  **"]
[Result "1/2-1/2"]
[WhiteElo "2204"]
[BlackElo "2286"]
[PlyCount "97"]
[EventDate "2015.08.28"]

1. e4 e6 2. d4 d5 3. Nc3 Nf6 4. e5 Nfd7 5. f4 a6 6. Nf3 c5 7. Be3 Nc6 8. Qd2 b5
9. a3 g5 10. dxc5 gxf4 11. Bxf4 Bxc5 12. b4 Be7 13. Bd3 Qb6 14. Qf2 Qxf2+ 15.
Kxf2 f6 16. exf6 Bxf6 17. Rae1 O-O 18. Rxe6 Nd8 19. Rxf6 Nxf6 20. Re1 Bb7 21.
Bd6 Re8 22. Be7 Ne4+ 23. Bxe4 dxe4 24. Bc5 Nf7 25. Nd2 Re6 26. Nb3 Rae8 27. Be3
Rg6 28. Nc5 Ba8 29. a4 Ne5 30. g3 Nf3 31. Ra1 Nxh2 32. axb5 Ng4+ 33. Ke2 Nxe3
34. Kxe3 Rxg3+ 35. Kd4 Rd8+ 36. Kc4 axb5+ 37. Nxb5 Bd5+ 38. Kd4 e3 39. Kc3 e2+
40. Nd3 Be4 41. Nd4 Re3 42. Re1 h5 43. Kd2 Rh3 44. Ne6 Rd6 45. Rg1+ Kh8 46. Ng5
Rhxd3+ 47. cxd3 Bg6 48. Kxe2 Bxd3+ 49. Ke3 1/2-1/2

[Event "II Liga SSCS 2015 - Istok"]
[Site "VRNJAÈKA BANJA - Hotel "]
[Date "2015.08.30"]
[Round "5.4"]
[White "RADOVIC, Janko  **"]
[Black "JOVANOVIC, Aleksandar D"]
[Result "1-0"]
[WhiteElo "2270"]
[BlackElo "2195"]
[PlyCount "75"]
[EventDate "2015.08.28"]

1. e4 b6 2. d4 Bb7 3. Bd3 e6 4. Nf3 g6 5. Bg5 f6 6. Be3 Nc6 7. c3 Nge7 8. h4
Bg7 9. h5 d5 10. exd5 Qxd5 11. Nbd2 O-O-O 12. Qa4 Nf5 13. O-O-O Kb8 14. Bf4 g5
15. Bh2 Nh6 16. Nc4 b5 17. Qb3 g4 18. Nfd2 bxc4 19. Bxc4 Qg5 20. Bb5 Nxd4 21.
cxd4 Rxd4 22. Ba6 Qd5 23. Bxb7 Qxb7 24. Qxe6 Rhd8 25. Nb3 Rxd1+ 26. Rxd1 Rxd1+
27. Kxd1 Qxg2 28. Qe8+ Kb7 29. Qb5+ Kc8 30. Qe8+ Kb7 31. Nc5+ Kb6 32. Na4+ Kb7
33. Qb5+ Kc8 34. Qe8+ Kb7 35. Nc5+ Kb6 36. Nd7+ Kb5 37. Qb8+ Kc4 38. Qxc7+ 1-0

[Event "II Liga SSCS 2015 - Istok"]
[Site "VRNJAÈKA BANJA - Hotel "]
[Date "2015.08.30"]
[Round "5.4"]
[White "ILIC, Aleksandar"]
[Black "DJURETANOVIC, Ivan"]
[Result "1-0"]
[WhiteElo "2147"]
[BlackElo "2010"]
[PlyCount "65"]
[EventDate "2015.08.28"]

1. e4 e5 2. Nf3 Nc6 3. d4 exd4 4. Bc4 Be7 5. c3 d3 6. Qb3 Na5 7. Bxf7+ Kf8 8.
Qa4 Kxf7 9. Qxa5 d6 10. Qd5+ Be6 11. Qxd3 Nh6 12. O-O Rf8 13. Nd4 Qd7 14. Bxh6
gxh6 15. Nxe6 Qxe6 16. Qd5 c6 17. Qxe6+ Kxe6 18. Nd2 Bg5 19. Nf3 Rae8 20. Rae1
Bf4 21. g3 Bg5 22. Nd4+ Kd7 23. f4 Bf6 24. Kg2 h5 25. Kf3 h4 26. g4 h5 27. h3
Bxd4 28. cxd4 hxg4+ 29. hxg4 b5 30. Rh1 Rh8 31. g5 Re7 32. Kg4 Reh7 33. Re3 1-0

[Event "II Liga SSCS 2015 - Istok"]
[Site "VRNJAÈKA BANJA - Hotel "]
[Date "2015.08.30"]
[Round "5.4"]
[White "LAZIC, Milan B"]
[Black "DJUKIC, Slobodan D"]
[Result "0-1"]
[WhiteElo "1990"]
[BlackElo "2127"]
[PlyCount "88"]
[EventDate "2015.08.28"]

1. e4 c5 2. Nc3 Nc6 3. g3 g6 4. Bg2 Bg7 5. d3 e6 6. f4 d6 7. Be3 Nge7 8. Nf3
Nd4 9. O-O O-O 10. Rb1 Nec6 11. Ne2 Nxf3+ 12. Bxf3 Nd4 13. Bg2 d5 14. e5 Nxe2+
15. Qxe2 Qc7 16. c3 Bd7 17. Qf2 Rac8 18. b3 f6 19. d4 fxe5 20. dxc5 exf4 21.
gxf4 Bxc3 22. Rbc1 Bg7 23. Bd4 Bb5 24. Bxg7 Qxg7 25. Rfe1 Rce8 26. Qd2 Bc6 27.
Re5 Qf6 28. Rf1 Kg7 29. Qa5 a6 30. a4 Qh4 31. Qd2 Rf5 32. Qd4 Qf6 33. Bh3 Rxe5
34. fxe5 Qg5+ 35. Kh1 Bd7 36. Qb4 Bc8 37. Qc3 Bd7 38. Qf3 Qe7 39. Qe3 Rf8 40.
Ra1 Qh4 41. Bg2 Bc6 42. Kg1 d4 43. Qd2 d3 44. Qxd3 Qg4 0-1

[Event "II Liga SSCS 2015 - Istok"]
[Site "VRNJAÈKA BANJA - Hotel "]
[Date "2015.08.30"]
[Round "5.4"]
[White "MADJAR, Stanislav"]
[Black "DRAGOJEVIC, Dragan"]
[Result "1-0"]
[WhiteElo "2166"]
[BlackElo "1949"]
[PlyCount "113"]
[EventDate "2015.08.28"]

1. c4 e5 2. g3 f5 3. Bg2 Nf6 4. Nc3 Be7 5. Nf3 d6 6. d3 O-O 7. O-O c6 8. Rb1
Na6 9. b4 Nc7 10. Qb3 h6 11. b5 c5 12. b6 Ne6 13. bxa7 Rxa7 14. Qb6 Qxb6 15.
Rxb6 Nd7 16. Rb2 Nc7 17. Bd2 b6 18. Rfb1 Bb7 19. Bh3 Kh7 20. Ne1 g5 21. Nc2 Kg6
22. Bg2 Bxg2 23. Kxg2 Rfa8 24. a4 Bd8 25. Na3 Be7 26. h3 Ra6 27. Nc2 Bf6 28. e4
f4 29. Na3 Be7 30. Rb3 Ne6 31. Nab5 Nf6 32. R3b2 Rc8 33. Ra2 Nd4 34. Nxd4 cxd4
35. Nb5 fxg3 36. fxg3 g4 37. h4 Nd7 38. Bb4 Nc5 39. Bxc5 bxc5 40. Rba1 Bd8 41.
Rf1 Rca8 42. Rf8 Be7 43. Rxa8 Rxa8 44. a5 Ra6 45. Nc7 Ra7 46. a6 Bd8 47. Nb5
Ra8 48. a7 Kf6 49. Ra6 Ke7 50. Nxd6 Kd7 51. Nb5 Kc8 52. Rxh6 Kb7 53. Rh7+ Kb6
54. Rg7 Ka5 55. Rxg4 Kb4 56. Rg8 Kb3 57. Kf1 1-0

[Event "II Liga SSCS 2015 - Istok"]
[Site "VRNJAÈKA BANJA - Hotel "]
[Date "2015.08.30"]
[Round "5.4"]
[White "MITIC, Zoran"]
[Black "PETROVIC, Tijana  **"]
[Result "0-1"]
[WhiteElo "1943"]
[BlackElo "1769"]
[PlyCount "94"]
[EventDate "2015.08.28"]

1. e4 c5 2. Nf3 d6 3. c3 Nf6 4. Be2 Nc6 5. d4 cxd4 6. cxd4 Nxe4 7. Nc3 Nxc3 8.
bxc3 g6 9. h4 h5 10. Ng5 Bg7 11. O-O O-O 12. Bxh5 gxh5 13. Qxh5 Bf5 14. Qf3 Qd7
15. Qg3 Bg6 16. Re1 Qf5 17. Bd2 e5 18. d5 Ne7 19. c4 Qd3 20. Be3 Qxc4 21. Rac1
Qa4 22. Qh3 Bf5 23. Qh2 Nxd5 24. h5 Nxe3 25. Rxe3 Qf4 26. Qxf4 exf4 27. Rb3 Bh6
28. Nf3 Be4 29. Nd4 f3 30. Re1 Bd5 31. Rb5 Bc6 32. Rb3 Rfe8 33. Reb1 Bd5 34.
Rb5 Bxa2 35. R1b2 Re1+ 36. Kh2 fxg2 37. Kxg2 Bc4 38. R5b4 Bf1+ 39. Kf3 Rc8 40.
R2b3 Bc4 41. Rb1 Bd5+ 42. Kg3 Rc3+ 43. f3 Rxb1 44. Rxb1 Bg7 45. Ne2 Rxf3+ 46.
Kg4 Re3 47. Nf4 Bf3+ 0-1

[Event "II Liga SSCS 2015 - Istok"]
[Site "VRNJAÈKA BANJA - Hotel "]
[Date "2015.08.30"]
[Round "5.5"]
[White "MARJANOVIC, Dejan  **"]
[Black "TODOROVIC, Nenad I  **"]
[Result "1/2-1/2"]
[WhiteElo "2316"]
[BlackElo "2273"]
[PlyCount "73"]
[EventDate "2015.08.28"]

1. e4 c5 2. Nf3 d6 3. Bb5+ Nc6 4. O-O Bd7 5. Re1 Nf6 6. c3 a6 7. Bf1 Bg4 8. h3
Bh5 9. g4 Bg6 10. d4 cxd4 11. cxd4 e5 12. d5 Nb8 13. Nc3 Nbd7 14. a4 Be7 15.
Nd2 h5 16. Nc4 hxg4 17. hxg4 Nb6 18. Nxb6 Qxb6 19. a5 Qd8 20. Be3 Nd7 21. Bg2
Bg5 22. b4 O-O 23. Qd2 Bxe3 24. Qxe3 Qh4 25. f3 Rfc8 26. Rec1 Rc7 27. Na4 Rac8
28. Rxc7 Rxc7 29. Rc1 Qd8 30. Bf1 f6 31. Rxc7 Qxc7 32. Nb6 Be8 33. g5 fxg5 34.
Nc4 Kf8 35. Qxg5 Nf6 36. Qe3 Bb5 37. Nb6 1/2-1/2

[Event "II Liga SSCS 2015 - Istok"]
[Site "VRNJAÈKA BANJA - Hotel "]
[Date "2015.08.30"]
[Round "5.5"]
[White "BURA, Goran"]
[Black "DMITROVIC, Tomislav"]
[Result "0-1"]
[WhiteElo "2270"]
[BlackElo "2254"]
[PlyCount "78"]
[EventDate "2015.08.28"]

1. e4 e5 2. Nf3 Nf6 3. Nxe5 d6 4. Nf3 Nxe4 5. d4 d5 6. Bd3 Bd6 7. O-O O-O 8. c4
c6 9. Re1 Bb4 10. Re2 Re8 11. Bf4 Bd6 12. Bxd6 Nxd6 13. cxd5 cxd5 14. Rxe8+
Nxe8 15. Nc3 Nc6 16. Ne5 Nxe5 17. dxe5 Qg5 18. Qe2 Be6 19. Rf1 Qf4 20. Rd1 g6
21. a3 Ng7 22. g3 Qg5 23. f4 Qe7 24. Qf2 a6 25. Bf1 Rd8 26. Bg2 Qc7 27. Bxd5
Nf5 28. Bf3 Rxd1+ 29. Bxd1 Qc4 30. Be2 Qc6 31. Bf3 Qd7 32. Ne4 Qd3 33. Nc5 Qb1+
34. Kg2 Bc4 35. h3 Qc1 36. Kh2 Ne3 37. h4 b6 38. Ne4 h5 39. Nd2 Qxd2 0-1

[Event "II Liga SSCS 2015 - Istok"]
[Site "VRNJAÈKA BANJA - Hotel "]
[Date "2015.08.30"]
[Round "5.5"]
[White "TOSIC, Nebojsa"]
[Black "NJEGIC, Vladimir"]
[Result "1-0"]
[WhiteElo "2137"]
[BlackElo "2147"]
[PlyCount "137"]
[EventDate "2015.08.28"]

1. e4 d6 2. d4 Nf6 3. Nc3 e5 4. Nf3 Nbd7 5. Bc4 Be7 6. Qe2 O-O 7. h3 c6 8. O-O
b5 9. Bd3 a6 10. a4 Bb7 11. b3 Re8 12. dxe5 dxe5 13. Bg5 Qc7 14. Rfd1 h6 15.
Be3 Nf8 16. Nh4 Ng6 17. Nf5 Bf8 18. Qf3 Nf4 19. Ne2 Nxe2+ 20. Bxe2 Re6 21. Ng3
Rd8 22. Bd3 Nd7 23. Bf1 Nc5 24. Nf5 Nd7 25. Qg3 Kh7 26. Qh4 Nf6 27. f3 Rd7 28.
g4 Ng8 29. Qf2 g6 30. Rxd7 Qxd7 31. Ng3 Bb4 32. Bd3 Bc3 33. Rf1 Bd4 34. Ne2 c5
35. Rd1 Qc6 36. axb5 axb5 37. c3 Bxe3 38. Qxe3 Rd6 39. Kf2 Ba6 40. Ra1 g5 41.
Ng3 Ne7 42. Nf5 Nxf5 43. exf5 f6 44. Be4 Qc7 45. Kg3 Kg7 46. h4 Qc8 47. hxg5
hxg5 48. Rh1 Rd8 49. Qf2 b4 50. c4 Rh8 51. Rxh8 Kxh8 52. Qh2+ Kg7 53. Qh5 Qh8
54. Qg6+ Kf8 55. Bd5 Qg7 56. Qh5 Bc8 57. Qh1 Bb7 58. Bxb7 e4 59. Bxe4 Qc7+ 60.
Kg2 Qf4 61. Qh8+ Ke7 62. Qg7+ Kd8 63. Qxf6+ Kc8 64. Qc6+ Kd8 65. Qxc5 Qd2+ 66.
Kg3 Qf4+ 67. Kg2 Qd2+ 68. Qf2 Qc3 69. Qe2 1-0

[Event "II Liga SSCS 2015 - Istok"]
[Site "VRNJAÈKA BANJA - Hotel "]
[Date "2015.08.30"]
[Round "5.5"]
[White "MICKOVIC, Slavisa"]
[Black "TRIFUNOVIC, Miroljub"]
[Result "1-0"]
[WhiteElo "2092"]
[BlackElo "2209"]
[PlyCount "111"]
[EventDate "2015.08.28"]

1. e4 e5 2. Nf3 Nc6 3. Bc4 Bc5 4. d3 Nf6 5. c3 Bb6 6. a4 O-O 7. O-O d6 8. h3 h6
9. Nbd2 a6 10. Re1 Re8 11. b4 Be6 12. Qb3 Nh5 13. Nf1 Qf6 14. Bxe6 fxe6 15.
N1h2 Nf4 16. Bxf4 exf4 17. d4 Kh8 18. e5 Qf5 19. Qb1 Qf7 20. Ng4 d5 21. Nh4 Ne7
22. a5 Ba7 23. Qd3 h5 24. Nh2 g5 25. N4f3 Rg8 26. g4 c6 27. Kf1 Rg7 28. Ke2 Bb8
29. gxh5 Qxh5 30. Ng4 Ng8 31. Rh1 Rh7 32. Rag1 Bc7 33. h4 gxh4 34. Rxh4 Qf5 35.
Rxh7+ Kxh7 36. Ng5+ Kg7 37. Qxf5 exf5 38. Ne6+ Kf7 39. Nxc7 Rc8 40. e6+ Kf8 41.
Ne5 Rxc7 42. Nd7+ Ke7 43. Rxg8 Kxe6 44. Ne5 Rh7 45. Rb8 Kd6 46. Kf3 Kc7 47. Rf8
Rh3+ 48. Kxf4 Rxc3 49. Rf7+ Kc8 50. Kxf5 Rb3 51. Ke6 Rxb4 52. Kd6 Kb8 53. Nd7+
Ka7 54. Nb6 Rb5 55. Rf8 Rxa5 56. Kc7 1-0

[Event "II Liga SSCS 2015 - Istok"]
[Site "VRNJAÈKA BANJA - Hotel "]
[Date "2015.08.30"]
[Round "5.5"]
[White "ZAFIROVSKI, Mite"]
[Black "KOSTIC, Tomislav  **"]
[Result "1/2-1/2"]
[WhiteElo "2257"]
[BlackElo "1983"]
[PlyCount "84"]
[EventDate "2015.08.28"]

1. d4 Nf6 2. c4 e6 3. g3 Bb4+ 4. Bd2 Qe7 5. Nf3 Nc6 6. Nc3 O-O 7. Bg2 Na5 8. b3
b6 9. O-O Bb7 10. Qc2 d5 11. cxd5 exd5 12. Bg5 h6 13. Bxf6 Qxf6 14. Ne5 Rfd8
15. e3 c5 16. a3 cxd4 17. exd4 Bf8 18. b4 Nc6 19. Nxc6 Qxc6 20. Qd2 Rac8 21.
Rac1 Qd7 22. Rfd1 a5 23. Rb1 axb4 24. axb4 Rc4 25. Ne2 Rdc8 26. b5 Rc2 27. Qd3
R2c4 28. Qf3 Bb4 29. Nf4 Rd8 30. Bf1 Rc3 31. Qh5 Be7 32. Nd3 Bf6 33. Ne5 Bxe5
34. Qxe5 Re8 35. Qf4 Qc7 36. Qxc7 Rxc7 37. Ra1 Kf8 38. Ra7 Ra8 39. Rxa8+ Bxa8
40. Ra1 Bb7 41. Ra7 Ke7 42. Bh3 Kd6 1/2-1/2

[Event "II Liga SSCS 2015 - Istok"]
[Site "VRNJAÈKA BANJA - Hotel "]
[Date "2015.08.30"]
[Round "5.5"]
[White "MILOSEVIC, Jovana  **"]
[Black "DUBRAVCIC, Nikola  **"]
[Result "1-0"]
[WhiteElo "2119"]
[BlackElo "1862"]
[PlyCount "123"]
[EventDate "2015.08.28"]

1. Nf3 d5 2. d4 Nf6 3. c4 dxc4 4. e3 e6 5. Bxc4 Bd6 6. O-O O-O 7. Nc3 Nbd7 8.
h3 a6 9. a4 c5 10. e4 cxd4 11. Nxd4 Bc5 12. Nf3 e5 13. Bg5 h6 14. Bh4 Qc7 15.
Bb3 b6 16. Rc1 Bb7 17. Nd5 Nxd5 18. Bxd5 a5 19. Qb3 Bxd5 20. Qxd5 Rfe8 21. Rfd1
Nf8 22. Bg3 Ng6 23. Qb3 Rac8 24. Rc3 Qb7 25. Rd5 Qc7 26. Rcd3 Re7 27. Nxe5 Rxe5
28. Rd7 Bxf2+ 29. Bxf2 Qc1+ 30. Kh2 Qc4 31. Rd8+ Kh7 32. Rxc8 Qxc8 33. Qxf7
Rxe4 34. Rd7 Qf8 35. Qd5 Re5 36. Qb7 Re7 37. Rxe7 Nxe7 38. Qxb6 Qf4+ 39. Bg3
Qxa4 40. Qe6 Ng6 41. Qf5 Qb4 42. h4 Qxb2 43. h5 Qf6 44. hxg6+ Qxg6 45. Qxa5 Qe4
46. Qc7 Qg6 47. Qe5 Qd3 48. Bf2 Qc2 49. Bd4 Qg6 50. Bc3 Kh8 51. Qd4 Kh7 52. Qe5
Kh8 53. Kh3 Kh7 54. g3 Kh8 55. Kh4 Kh7 56. g4 Kg8 57. Qf5 Qc6 58. Qe5 Qg6 59.
Qd5+ Kh8 60. Qf5 Qc6 61. Qf8+ Kh7 62. Qxg7# 1-0

[Event "II Liga SSCS 2015 - Istok"]
[Site "VRNJAÈKA BANJA - Hotel "]
[Date "2015.08.30"]
[Round "5.6"]
[White "MILOSEVIC, Aleksandar"]
[Black "NADJ HEDJESI, Balind"]
[Result "1/2-1/2"]
[WhiteElo "2284"]
[BlackElo "2399"]
[PlyCount "28"]
[EventDate "2015.08.28"]

1. Nf3 b6 2. g3 Bb7 3. Bg2 Nf6 4. O-O e6 5. c4 c5 6. Nc3 a6 7. Re1 d5 8. cxd5
Nxd5 9. e4 Nb4 10. d4 cxd4 11. Nxd4 N8c6 12. Nxc6 Bxc6 13. Nd5 Be7 14. Nxe7
Qxd1 1/2-1/2

[Event "II Liga SSCS 2015 - Istok"]
[Site "VRNJAÈKA BANJA - Hotel "]
[Date "2015.08.30"]
[Round "5.6"]
[White "RADUSINOVIC, Lazar  *"]
[Black "POPOVIC, Djordje D"]
[Result "1/2-1/2"]
[WhiteElo "2339"]
[BlackElo "2244"]
[PlyCount "87"]
[EventDate "2015.08.28"]

1. d4 Nf6 2. Nf3 e6 3. g3 c5 4. Bg2 Nc6 5. O-O cxd4 6. Nxd4 Bc5 7. Nb3 Be7 8.
c4 d6 9. Nc3 O-O 10. Nd4 Bd7 11. b3 a6 12. Bb2 Qb8 13. Nxc6 Bxc6 14. Bxc6 bxc6
15. e4 d5 16. cxd5 cxd5 17. exd5 Rd8 18. Qe2 Nxd5 19. Nxd5 Rxd5 20. Rfd1 Qb7
21. Rxd5 Qxd5 22. Rd1 Qf5 23. Qd3 Qxd3 24. Rxd3 Rd8 25. Rxd8+ Bxd8 26. Kf1 f6
27. Ke2 Kf7 28. Kd3 Ke7 29. Kc4 Kd6 30. Ba3+ Kc6 31. Bc5 h5 32. b4 g5 33. h3 f5
34. a4 g4 35. hxg4 hxg4 36. b5+ axb5+ 37. axb5+ Kb7 38. Kd4 Bf6+ 39. Ke3 Bg5+
40. Ke2 Bf6 41. f3 gxf3+ 42. Kxf3 e5 43. Ke2 e4 44. Ke3 1/2-1/2

[Event "II Liga SSCS 2015 - Istok"]
[Site "VRNJAÈKA BANJA - Hotel "]
[Date "2015.08.30"]
[Round "5.6"]
[White "STEFANOVIC, Vladimir"]
[Black "RAVIC, Nenad"]
[Result "1/2-1/2"]
[WhiteElo "2217"]
[BlackElo "2316"]
[PlyCount "39"]
[EventDate "2015.08.28"]

1. c4 Nf6 2. g3 g6 3. Bg2 Bg7 4. Nf3 O-O 5. O-O Nc6 6. Nc3 d6 7. d3 e5 8. Rb1
a5 9. a3 Re8 10. Bg5 h6 11. Bxf6 Bxf6 12. b4 axb4 13. axb4 Bg7 14. b5 Ne7 15.
Qb3 Be6 16. Nd5 c6 17. Nxe7+ Rxe7 18. bxc6 bxc6 19. Qb6 Rc7 20. Rfc1 1/2-1/2

[Event "II Liga SSCS 2015 - Istok"]
[Site "VRNJAÈKA BANJA - Hotel "]
[Date "2015.08.30"]
[Round "5.6"]
[White "ELEZ, Nikola  *"]
[Black "IVIC, Matija  **"]
[Result "1/2-1/2"]
[WhiteElo "2222"]
[BlackElo "2172"]
[PlyCount "44"]
[EventDate "2015.08.28"]

1. e4 c5 2. b3 g6 3. Bb2 Nf6 4. Qf3 d6 5. Bb5+ Nbd7 6. Bxf6 exf6 7. Qd3 a6 8.
Bxd7+ Qxd7 9. Nc3 Bg7 10. Nd5 Qd8 11. Ne2 f5 12. O-O-O O-O 13. f3 b5 14. h4 Qa5
15. Kb1 fxe4 16. Qxe4 Bd7 17. Ne7+ Kh8 18. h5 g5 19. h6 Bf6 20. Nc3 Rae8 21.
Ncd5 Bxe7 22. Nxe7 Qd8 1/2-1/2

[Event "II Liga SSCS 2015 - Istok"]
[Site "VRNJAÈKA BANJA - Hotel "]
[Date "2015.08.30"]
[Round "5.6"]
[White "PETROVIC, Petar R  **"]
[Black "LUKIC, Dragan M"]
[Result "0-1"]
[WhiteElo "1968"]
[BlackElo "2287"]
[PlyCount "89"]
[EventDate "2015.08.28"]

1. e4 Nf6 2. e5 Nd5 3. d4 d6 4. c4 Nb6 5. exd6 cxd6 6. Be3 g6 7. Nc3 Bg7 8. Nf3
O-O 9. Rc1 Nc6 10. Be2 Bg4 11. b3 d5 12. c5 Nc8 13. h3 Bxf3 14. Bxf3 e6 15. O-O
N8e7 16. Ne2 Nf5 17. Qd2 h5 18. Rfe1 Nh4 19. Bh6 Nxf3+ 20. gxf3 Qf6 21. Bxg7
Kxg7 22. f4 Qh4 23. Qe3 a5 24. a3 Rfc8 25. Qg3 Qe7 26. Qg5 Qxg5+ 27. fxg5 Ra6
28. f4 b6 29. cxb6 Rxb6 30. Rc3 Rcb8 31. Rd1 Ne7 32. Nc1 Nf5 33. Rdd3 Rb5 34.
Rc7 R5b7 35. Rcc3 Rb6 36. Rc7 R6b7 37. Rc6 Ne7 38. Rcc3 Kf8 39. Na2 Ke8 40. Nc1
Kd7 41. Kf2 Kd6 42. Kf3 Rb6 43. Ke3 Nc6 44. Ne2 R8b7 45. Kf3 0-1

[Event "II Liga SSCS 2015 - Istok"]
[Site "VRNJAÈKA BANJA - Hotel "]
[Date "2015.08.30"]
[Round "5.6"]
[White "Kuzmanovic, Aleksa"]
[Black "BLAGOJEVIC, Nikola  **"]
[Result "0-1"]
[WhiteElo "2059"]
[BlackElo "1707"]
[PlyCount "50"]
[EventDate "2015.08.28"]

1. d4 d5 2. c4 c6 3. Nf3 Nf6 4. e3 Bf5 5. cxd5 cxd5 6. Nc3 e6 7. Ne5 Bd6 8. g4
Bxe5 9. dxe5 Nxg4 10. Bh3 Nxf2 11. Qa4+ Nc6 12. Bxf5 Nxh1 13. Bd3 d4 14. Ne4
Qh4+ 15. Kf1 O-O 16. Kg2 Nxe5 17. Kxh1 Nxd3 18. Ng3 Nf2+ 19. Kg2 Ng4 20. h3 Nf6
21. exd4 Ne4 22. Nh1 Qe1 23. Qc2 Rac8 24. Qb1 Qe2+ 25. Kg1 Rc2 0-1